• 首页
  • 本馆介绍
  • 公告通知
  • 最新文献
  • 馆藏检索
  • 电子资源
  • 读者导购
  • 参考咨询
  • 我的图书馆
  • 登录
  • 详细信息显示
  • 放入我的书架
  • 预约/预借图书
  • 作者相关作品
  • 分类相关作品
  • 丛书相关作品
  • 出版社相关作品

书目信息

  • 表格格式
  • 工作单格式
  • 卡片格式
题名:
实用内科疾病诊治与护理
    
 
作者: 王姗姗 主编
分册:  
出版信息: 青岛   中国海洋大学出版社  2019.11
页数: 296页
开本: 26cm
丛书名:
单 册:
中图分类: R5 , R473.5
科图分类:
主题词: 内科--nei ke--疾病--诊疗 , 内科--nei ke--疾病--护理
电子资源:
ISBN: 978-7-5670-2432-8
000 01361nam0 2200313 450
001 CAL 0120192935065
005 20230217093111.0
010    @a978-7-5670-2432-8@dCNY128.00
100    @a20200326d2019 em y0chiy0120 ea
101 0  @achi
102    @aCN@b370000
105    @ay a 000yy
106    @ar
200 1  @a实用内科疾病诊治与护理@Ashi yong nei ke ji bing zhen zhi yu hu li@f主编王姗姗 ... [等]
210    @a青岛@c中国海洋大学出版社@d2019.11
215    @a296页@d26cm
304    @a题名页题其余责任者: 王晓霞, 滕海, 罗尚玉, 冷玲, 罗治文等
312    @a英文题名取自封面
320    @a有书目 (第296页)
330    @a本书内容全面, 主要包括感染科常见疾病诊治、风湿免疫性常见疾病诊治、肾内科常见疾病诊治、血液透析、呼吸系统疾病患者的护理、循环系统疾病患者的护理以及老年保健护理等方面的内容。每个疾病的内容大致包括病因、发病机理、临床表现、并发症、实验室与其他检查、诊断和鉴别诊断、治疗、预防、预后与护理等方面, 使读者能够较全面系统地学习治疗及护理等方面的知识。
510 1  @aPractical diagnosis, treatment and nursing of internal diseases@zeng
517 1  @a内科疾病诊治与护理@Anei ke ji bing zhen zhi yu hu li
606 0  @a内科@Anei ke@x疾病@x诊疗
606 0  @a内科@Anei ke@x疾病@x护理
690    @aR5@v5
690    @aR473.5@v5
701  0 @a王姗姗@Awang shan shan@4主编
801  0 @aCN@bBJXHZP@c20230228
905    @b1404464-7@dR5@e164@f4
    
    实用内科疾病诊治与护理/主编王姗姗 ... [等].-青岛:中国海洋大学出版社,2019.11
    296页;26cm
    
    
    ISBN 978-7-5670-2432-8:CNY128.00
    本书内容全面, 主要包括感染科常见疾病诊治、风湿免疫性常见疾病诊治、肾内科常见疾病诊治、血液透析、呼吸系统疾病患者的护理、循环系统疾病患者的护理以及老年保健护理等方面的内容。每个疾病的内容大致包括病因、发病机理、临床表现、并发症、实验室与其他检查、诊断和鉴别诊断、治疗、预防、预后与护理等方面, 使读者能够较全面系统地学习治疗及护理等方面的知识。
●
相关链接 在E读中查询图书 在五车中查询图书 在当当中查询图书 在豆瓣中查询图书


正题名:实用内科疾病诊治与护理     索取号:R5/164         预约/预借

序号 登录号 条形码 馆藏地/架位号 状态 备注
1 1404464   214044648   第二样本阅览室/ [索取号:R5/164] 在馆    
2 1404465   214044657   第三借阅区/ [索取号:R5/164] 在馆    
3 1404466   214044666   第三借阅区/ [索取号:R5/164] 在馆    
4 1404467   214044675   第三借阅区/ [索取号:R5/164] 在馆    
唐山师范学院图书馆 欢迎您!
大连网信软件有限公司© 版权所有